Statistics for U.S. General Knowledge #24

Click here to take the quiz!

General Stats

  • This quiz has been taken 8,785 times
  • The average score is 12 of 20

Answer Stats

QuestionAnswer% Correct
What is the lowest and hottest valley in the United States?{Death} Valley
95%
Which two National Parks start with the letter Y?Yellowstone
90%
What U.S. territory did North Korea threaten to bomb in 2017?Guam
83%
Which two National Parks start with the letter Y?Yosemite
83%
What two words did Donald Trump say to many an unfortunate sap on
the TV show "The Apprentice"?
You're Fired
82%
What does the R stand for in NRA?Rifle
82%
What company is the largest maker of greeting cards in the US?Hallmark
73%
Whose heart grew three sizes on Christmas Day?The Grinch's
70%
What company released a razor with 5 blades in response to Schick's "Quattro" razor?Gillette
69%
If the President and the Vice President were to die, who would become President?
(The position, not the specific person)
Speaker of the
House
68%
What was the first word of the Gettysburg Address?Fourscore
66%
What brand of jeans has a question mark as part of its logo?Guess
59%
Which Little Rascal had a piece of hair that stuck straight up?Alfalfa (Carl)
50%
What is the last name of folk singers Arlo and Woody?Guthrie
48%
Chicago is the most populous city on Lake Michigan. What is the second most populous?Milwaukee
44%
The movie "Predator" featured two muscle-bound actors who would go on to become governor.
Arnold Schwarzenegger was one. Who was the other?
Jesse Ventura
43%
What TV station sponsors "Rock the Vote"?MTV
42%
Who is the mayor of the town inhabited by Grimace and the Hamburglar?Mayor {McCheese}
30%
What state capital is located on an isthmus between lakes Mendota and Monona?Madison
25%
What former American politician has the middle name Danforth?Dan Quayle
19%

Score Distribution

Percentile by Number Answered

Percent of People with Each Score

Your Score History

You have not taken this quiz